000
00304nam a22001337a 4500
008
171107b xxu||||| |||| 00| 0 eng d
020
_a
978995634438
041
_a
alb
080
_a
330.722.6
100
_a
62
101
_a
KON
245
_a
KONTABILITETI I KOSTO-DREJTIMIT
_c
LAMANI,D
942
_2
udc
_c
BK
999
_c
37987
_d
37987